00764nam a2200241Ia 4500001000600000003000900006008004100015040001300056040001300069041001300082100002000095100002900115245006500144245002800209250001100237260000900248260001500257260004900272300005800321500008800379650002400467650003100491B3256IT-RoPAU130308s9999 xx 000 0 und d aIT-RoPAU cIT-RoPAU aFRANCESE aBustaret Claire gCodice Aut. SPICS: 37538 aSourire du tiers (Le), reflexions sur quelques vues d'esprit bImage Humoristique (L') a1a ed. aNICE bZ'Editions c1992 [1° Ed.:1992 - Ed.Ling.Originale:1992] a"16 p. (prefazione: no ; testo: 16 [pagine: 97-112])" aRiflessioni su Alcune Vedute di Spirito. sorriso del Terzo. Derisione e Caricatura. aSAGGI DI SEMIOLOGIA eCodice materia Spics: 3257